000 00520cam a22002171 4500
001 sa 66002215
003 DLC
005 20260227112227.0
008 890801s1965 ii 000 1 kano
010 _asa 66002215
035 _a(OCoLC)20110020
040 _aDLC
_cWaU
_dDLC
042 _apremarc
050 0 0 _aPL4658
_b.H6
245 0 0 _aHosa kᚣitija.
260 _c1965.
300 _a298 p.
_c19 cm.
500 _aIn Kannada.
650 0 _aShort stories, Kannada.
700 2 _aVenkatesh Iyer, Kolar,
_d1898-
999 _c68222
_d68222